[Event "EICC 2021"]
[Site "Reykjavik"]
[Date "2021.09.04"]
[Round "10.9"]
[White "Sanal, Vahap"]
[Black "Grandelius, Nils"]
[Result "1-0"]
[WhiteElo "2557"]
[BlackElo "2666"]
[Annotator "TA"]
[PlyCount "111"]
[EventDate "2021.08.26"]
[EventType "swiss"]
[EventCountry "ISL"]
[Tiebreak "Cut1 Buchholz"]
[SourceTitle "playchess.com"]
[Source "ChessBase"]
[SourceQuality "1"]

{[%evp 24,111,-6,-11,-3,-9,-6,-12,0,-13,6,-52,-54,-59,0,0,0,0,0,0,14,0,0,-8,0,
0,-10,-31,0,-25,-27,-86,-26,-85,-88,-79,-77,-208,0,0,0,0,106,86,82,68,167,91,
330,331,364,251,511,286,310,308,295,257,220,242,296,293,321,320,243,236,422,
419,585,577,594,574,637,637,825,819,774,757,622,471,12838,12839,12839,12839,
12840,12840,12841,12841,12842,12837]} 1. e4 c5 2. Nf3 d6 3. Bb5+ Bd7 4. Bxd7+
Qxd7 5. O-O Nf6 6. Qe2 Nc6 7. c3 e6 8. d4 cxd4 9. cxd4 d5 10. e5 Ne4 11. Nbd2
Nxd2 12. Bxd2 Be7 13. Rac1 {13.g3 is more fashionable.} O-O {B52: Sicilian:
Moscow Variation with 3...Bd7.} 14. a3 Rac8 {[%cal Ba8c8,Bc8c2,Bc2a2][%mdl 32]}
15. Rc3 Nb8 {[#] The position is equal.} 16. Rd3 $146 ({Predecessor:} 16. Rfc1)
16... Rc2 17. b3 ({Better is} 17. Rb1 $11) 17... Ra2 $15 18. Ne1 f6 (18... Bxa3
$15 19. Qd1 Be7) 19. exf6 $11 Bxf6 20. Qd1 Nc6 {[%cal Bb8c6,Bc6d4,Bd4f3][%mdl
32]} ({Much weaker is} 20... Rxa3 $6 21. Bb4 $16) 21. Nc2 e5 22. Qb1 e4 {
...Rxc2 is the strong threat.} 23. Rh3 {[#]} Rxc2 24. Qxc2 Nxd4 25. Qd1 Nf3+ {
[%mdl 1024] Black has compensation.} 26. Kh1 {[#]} d4 $1 27. Qe2 (27. Bb4 $11
Rc8 28. Rh5) 27... Re8 28. Bf4 {[#]} (28. Rxf3 $11 d3 29. Qd1 exf3 30. Qxf3)
28... d3 $1 $17 29. Qd1 {[#]} Rc8 $1 30. Be3 {[#]} (30. Rxf3 $17 exf3 31. Qxf3)
30... Bb2 $2 31. Rh5 $11 Ne5 32. Rh4 Qf5 {[#]} (32... Qc6 $1 $11) 33. Rf4 $1
$16 {[%cal Rf4f5] White stays focused until the end.} Qg6 34. Qd2 Rc2 ({Reject
} 34... Bxa3 $6 35. Qa5 $18) ({Black should play} 34... Bc3 $1 $14 35. Rc1 Qc6)
35. Qa5 (35. Qb4 $18 {[%csl Gb4][%cal Rf4f8]} h6 36. Qxb7) 35... h6 $2 (35...
Qd6 $16) 36. Qd5+ $18 ({Less strong is} 36. Qxa7 Qc6 $14) 36... Kh7 37. Rxe4
Qh5 $2 (37... Ng4) 38. Bd4 Bxd4 39. Rxd4 Qe2 {[%cal Re2f1]} 40. Qe4+ Qxe4 41.
Rxe4 {[%mdl 4096] Endgame KRR-KRN} Nc6 42. Rd1 Rxf2 43. Kg1 Ra2 44. Rxd3 Rxa3
$2 (44... Ra1+ 45. Kf2 Ra2+ 46. Kf1 Ra1+ 47. Ke2 Rxa3) 45. Rd7 Rxb3 46. Rg4 {
White is clearly winning.} Rb1+ 47. Kf2 Rb2+ 48. Ke3 h5 49. Rgxg7+ Kh6 50. Rxb7
Ra2 51. h3 a5 (51... Ra3+ $142 52. Kf4 Ra4+ 53. Kf5 Nd4+ 54. Kf6 Ra6+ 55. Ke5
Nc6+ 56. Kd5 Rb6 57. Rxb6 axb6) 52. Rgc7 Ne5 53. Rb6+ Ng6 54. Kf3 Ra3+ 55. Kf2
h4 56. Rc4 {Weighted Error Value: White=0.27/Black=0.55} 1-0

[Event "EICC 2021"]
[Site "Reykjavik"]
[Date "2021.09.04"]
[Round "10.10"]
[White "Lagarde, Maxime"]
[Black "Pantsulaia, Levan"]
[Result "1/2-1/2"]
[WhiteElo "2631"]
[BlackElo "2564"]
[Annotator "TA"]
[PlyCount "154"]
[EventDate "2021.08.26"]
[EventType "swiss"]
[EventCountry "ISL"]
[Tiebreak "Cut1 Buchholz"]
[SourceTitle "playchess.com"]
[Source "ChessBase"]
[SourceQuality "1"]

{[%evp 16,154,50,35,54,41,51,49,42,42,42,30,56,54,57,51,62,0,0,0,0,0,0,0,0,0,0,
-57,-53,-132,-115,-122,-131,-114,-120,-126,-128,-154,-158,-193,-190,-227,-223,
-211,-222,-207,-214,-274,-280,-331,-233,-250,-243,-212,-121,-164,-10,-23,-10,
-5,0,0,-7,-6,-4,-17,-10,-10,0,-19,-12,-5,0,0,0,-54,0,-4,-4,-11,-11,-17,0,0,0,0,
0,0,0,0,0,-20,-8,-18,0,0,0,0,13,13,13,0,13,13,40,44,48,41,112,0,0,0,85,13,13,
13,15,0,6,10,10,6,66,0,0,0,0,0,0,0,0,0,2,0,0,0,4,4,8,0,6]} 1. d4 Nf6 2. c4 c5
3. d5 e6 4. Nc3 exd5 5. cxd5 d6 6. e4 g6 7. f4 Bg7 8. Bb5+ Nfd7 9. Be2 Nb6 {
[#] A67: Modern Benoni: Taimanov Variation.} 10. a4 $146 ({Predecessor:} 10.
Nf3 Bg4 11. O-O Bxf3 12. Bxf3 O-O 13. Qc2 Na6 14. a3 Bd4+ 15. Kh1 Nc7 16. b3 f5
17. Bb2 {1/2-1/2 (27) Santos Ruiz,M (2554)-Indjic,A (2630) Moscow 2019}) 10...
Na6 11. a5 Nd7 {White is slightly better.} 12. Nf3 O-O 13. O-O Nb4 14. Kh1 Re8
15. e5 dxe5 16. fxe5 (16. Bc4 $1 $14) 16... Nxe5 $11 17. Bg5 Qd6 18. Nb5 Qxd5
19. Nc7 {[%mdl 64] Double Attack} Qxd1 20. Raxd1 Be6 21. Bf4 (21. Nxe5 $11 Bxe5
22. Nxa8 Rxa8 23. Rd2) 21... Nec6 $15 22. Rd2 (22. Bb5 $15) 22... Nxa5 $17 23.
Ng5 Nc4 24. Bxc4 Bxc4 25. Rfd1 Nc6 26. Rc1 {[#]} h6 $1 27. Nxa8 (27. Bg3 Na5)
27... hxg5 28. Bxg5 {[#]} Nd4 $1 {And now ...Nb3 would win.} 29. Nc7 Re4 30.
Rf2 b5 31. h3 a5 32. Bf6 Bh6 33. Rd1 a4 34. Na6 {[#]} Bf8 (34... Ne6 $1 $19 35.
Nb8 Be3) 35. Rfd2 {intending Nxc5!} Re6 $2 (35... Ne6 $19 {Black wants to play
...Rf4.} 36. Nb8 b4) 36. Nxc5 $1 $11 {[%mdl 64] Remove Defender} Bxc5 37. Bxd4
Bb4 38. Rc2 Kh7 39. Rdc1 Bd6 40. Rf2 Re4 41. Bf6 Bf4 42. Rd1 g5 43. Bc3 b4 44.
Re1 Rxe1+ $15 45. Bxe1 $11 {[%mdl 4096] Endgame KRB-KB} a3 46. bxa3 bxa3 {
White must now prevent ...Be5.} 47. Bc3 Kg6 48. Ba1 a2 49. Rc2 Be6 (49... Bb3 {
looks sharper.} 50. Rc3 Bd5 51. Rc5 Be6 52. g4 Be3) 50. Rc5 Bd6 51. Ra5 Bc7 52.
Ra8 Kf5 53. Kg1 Ke4 54. Kf2 Bb6+ 55. Ke2 Bc4+ (55... Kf4 {is interesting.} 56.
Bf6 Bc4+ 57. Kd2 Bd5 58. Ra4+ Kf5) 56. Kd2 Bc7 57. Ra4 Kd5 58. Kc2 Bf4 59. Bf6
Kc5 60. Kb2 Kb5 61. Ra3 Kb4 (61... Bf1 $14) 62. Be7+ Kb5 {Strongly threatening
...Be5+.} 63. Bf6 Kb4 {Threatening ...Bc1+!} 64. Ra7 (64. Rc3 $16) 64... Bd5
65. g4 Kc5 66. Kc3 Kd6 67. Ra6+ Kd7 68. Kd4 Bg2 ({Black should try} 68... Bb3
$11) 69. Rxa2 (69. h4 $1 $14 gxh4 70. Bxh4) 69... Bxh3 {The position is equal.}
70. Kd5 Bxg4 {...Be6+ is the strong threat.} 71. Ra7+ Kc8 72. Rxf7 Bf3+ 73. Kc5
Be3+ 74. Kd6 Bf4+ 75. Ke7 g4 76. Ke6 Bc7 77. Bh4 Bh2 {Black had all chances to
win.  Weighted Error Value: White=0.09/Black=0.14} 1/2-1/2

[Event "EICC 2021"]
[Site "Reykjavik"]
[Date "2021.09.04"]
[Round "10.11"]
[White "Hovhannisyan, Robert"]
[Black "Quparadze, Giga"]
[Result "1/2-1/2"]
[WhiteElo "2626"]
[BlackElo "2476"]
[Annotator "TA"]
[PlyCount "120"]
[EventDate "2021.08.26"]
[EventType "swiss"]
[EventCountry "ISL"]
[Tiebreak "Cut1 Buchholz"]
[SourceTitle "playchess.com"]
[Source "ChessBase"]
[SourceQuality "1"]

{[%evp 11,120,37,46,33,48,43,49,48,45,47,40,58,49,66,85,45,83,66,69,63,67,47,
87,91,141,75,110,112,145,137,130,93,93,77,70,70,119,98,114,72,137,0,0,0,0,0,0,
0,2,8,7,7,7,8,1,14,10,0,0,0,10,0,0,0,0,0,0,0,0,0,0,0,0,0,0,0,0,-8,-8,-8,-8,-8,
-8,-8,-8,-8,-8,-8,-8,-8,-8,-8,-8,-8,0,0,0,0,0,0,0,0,0,0,0,0,0,0,0,0,0]} 1. e4
c5 2. Nf3 e6 3. d4 cxd4 4. Nxd4 a6 5. Bd3 Nc6 6. Nxc6 dxc6 7. Bf4 {B42:
Sicilian: Kan Variation: 5 Bd3.} Ne7 {[#]} 8. Be3 $146 ({Predecessor:} 8. Bg3
c5 9. a4 Nc6 10. e5 Nb4 11. Be4 Qxd1+ 12. Kxd1 Be7 13. Nd2 O-O 14. c3 Nd5 {
1-0 (75) Sandipan,C (2550)-Miezis,N (2529) Germany 2007}) 8... e5 9. Nd2 {
White is slightly better.} Ng6 10. g3 Be7 11. a4 Be6 12. h4 h6 13. Bc4 {
Bxe6 is the strong threat.} Qd6 14. c3 Bxc4 15. Nxc4 Qe6 {[%cal Re6c4]} 16. Qb3
O-O 17. Nd2 Qd7 18. a5 (18. h5 $142 Nh8 19. a5) 18... Rfd8 {[#]} 19. O-O-O $1
c5 20. Nc4 Qe6 21. Rd2 Rxd2 22. Nxd2 Qc6 23. Qb6 Qb5 24. Rd1 Nf8 25. Nf3 Qa4 {
[#]} (25... f6 $142) 26. Nd2 ({But not} 26. Bxc5 $6 Bxc5 27. Qxc5 Qa1+ 28. Kc2
Qa4+ 29. Kc1 Qa1+ 30. Kc2 Qa4+ 31. Kc1 $11) ({Much weaker is} 26. Nxe5 $6 Qa1+
27. Kc2 Qa4+ 28. Kc1 Qa1+ 29. Kc2 Qa4+ 30. Kc1 $11) (26. Rd5 $1 $16) 26... Nd7
$11 {The position is equal.} 27. Qb3 Qxa5 28. Nc4 Qc7 29. Rxd7 $1 {[%mdl 64]
Decoy} Qxd7 30. Nb6 $1 {[%cal Rb6d7]} Qd8 31. Nxa8 Qxa8 32. Qd5 {[%mdl 64]
Double Attack} Qc8 33. Qxe5 Bf8 34. c4 b5 35. Qd5 Qh3 36. cxb5 Qf1+ 37. Kd2 {
And now b6 would win.} Qb1 38. bxa6 Qxb2+ 39. Ke1 Qa1+ 40. Ke2 Qxa6+ 41. Kf3 c4
42. Bd4 Qa3+ 43. Kg2 Qd3 44. Be3 (44. Be5 {with more complications.} h5 45.
Qxd3 cxd3 46. Bf4 Kh7 47. f3) 44... Qxd5 45. exd5 {[%mdl 4096] Endgame KB-KB}
c3 {Strongly threatening ...Ba3.} 46. Bc1 h5 47. Kf3 Bc5 48. Ke2 $1 {next Be3
is good for White.} c2 49. f3 $1 f6 50. g4 g6 51. gxh5 gxh5 52. Kd3 Kf7 53.
Kxc2 Bf2 54. Kd3 Bxh4 55. Ke4 Bg3 56. Kf5 h4 {Hoping for ...h3.} 57. Kg4 f5+
58. Kh3 Ke7 59. Ba3+ Kf6 60. Bb2+ Ke7 {Weighted Error Value: White=0.08/
Black=0.07} 1/2-1/2

[Event "EICC 2021"]
[Site "Reykjavik"]
[Date "2021.09.04"]
[Round "10.12"]
[White "Svane, Rasmus"]
[Black "Nagy, Gabor"]
[Result "1-0"]
[WhiteElo "2615"]
[BlackElo "2518"]
[Annotator "TA"]
[PlyCount "87"]
[EventDate "2021.08.26"]
[EventType "swiss"]
[EventCountry "ISL"]
[Tiebreak "Cut1 Buchholz"]
[SourceTitle "playchess.com"]
[Source "ChessBase"]
[SourceQuality "1"]

{[%evp 21,87,28,42,26,0,30,38,37,60,61,95,72,75,58,175,121,125,107,199,198,196,
191,289,227,306,306,300,286,389,271,775,761,679,247,681,664,657,666,756,489,
478,458,872,853,776,402,766,767,763,732,714,581,787,808,1016,1002,955,640,640,
592,585,585,647,647,639,639,639,633]} 1. Nf3 c5 2. c4 Nc6 3. e3 Nf6 4. Nc3 e6
5. d4 d5 6. cxd5 Nxd5 7. Bd3 cxd4 8. exd4 Be7 9. O-O O-O 10. Re1 a6 11. a3 Nf6
12. Be3 {D42: Queen's Gambit Declined: Semi-Tarrasch: 5 cxd5 Nxd5 6 e3 Nc6 7
Bd3 .} b5 13. Ne4 {[#]} Bb7 $146 ({Predecessor:} 13... Nd5 14. Qc2 Nxe3 15.
fxe3 Bb7 16. Nc5 Bxc5 17. dxc5 g6 18. Be4 Qc7 19. b4 Rad8 {1/2-1/2 (55)
Neporozhniy,K-Grebeniuk,S Kiev 2002}) 14. Nc5 {White is slightly better.} Bxc5
15. dxc5 Nd5 16. Qc2 {Strongly threatening Bg5.} h6 17. Rad1 $36 {[%mdl 2048]
White has the initiative.} f5 {[#]} (17... Nxe3 $14 18. Rxe3 Qc7) 18. Bd4 (18.
Bxh6 $1 $18 {[%mdl 512]} gxh6 19. Rxe6) 18... Qe8 19. Bf1 Qh5 (19... Qf7 $16 {
was worth a try.}) 20. Rxe6 $18 {Threatens to win with Bxg7!} Nf4 21. Re3 Rae8
(21... Rad8 $142) 22. Bc3 Ne7 23. Rd7 Be4 24. Qb3+ Kh7 25. Nd2 Rf7 $2 (25...
Nfd5 26. Rg3 (26. Nxe4 fxe4 27. Rg3 Nf6 $18) 26... Nxc3) 26. Nxe4 fxe4 27. Qc2
$2 (27. Rxe4 Qf5 {[#]} 28. Bd4 $1 {[%mdl 512]}) 27... Qg4 $2 (27... Ned5 28.
Rxf7 (28. Rxe4 Nh3+ {[%mdl 64] Discovered Attack} 29. gxh3 Qg6+ 30. Rg4 Qxc2
$16) 28... Qxf7) 28. c6 Kg8 {If Black can now play ...Nf5 this consolidates a
bit.} 29. h3 ({Weaker is} 29. Qb3 Qf5 $16) 29... Qf5 30. Rxe4 Qg6 {aiming for .
..Nxh3+.} 31. g3 Ref8 (31... Qxc6 $142 32. Rdxe7 (32. Rxf4 Qxd7 33. Rxf7 Kxf7
$14) 32... Rexe7) 32. c7 Nfd5 33. Be1 Nf6 (33... Qf5 $142) 34. Rdxe7 {[%mdl 64]
Remove Defender. White is clearly winning.} Rxe7 35. c8=Q Nxe4 36. Qg4 Qf6 37.
Bb4 Nxf2 38. Bxe7 Qxe7 39. Qxf2 Rxf2 40. Kxf2 Qf6+ 41. Kg1 Qxb2 42. Qe6+ {
[%mdl 64] Double Attack} Kf8 43. Qxa6 Qd4+ 44. Kh2 {Weighted Error Value:
White=0.80/Black=0.59} 1-0

[Event "EICC 2021"]
[Site "Reykjavik"]
[Date "2021.09.04"]
[Round "10.13"]
[White "Erdos, Viktor"]
[Black "Kacharava, Nikolozi"]
[Result "1-0"]
[WhiteElo "2614"]
[BlackElo "2453"]
[Annotator "TA"]
[PlyCount "119"]
[EventDate "2021.08.26"]
[EventType "swiss"]
[EventCountry "ISL"]
[Tiebreak "Cut1 Buchholz"]
[SourceTitle "playchess.com"]
[Source "ChessBase"]
[SourceQuality "1"]

{[%evp 9,119,15,17,8,31,30,43,26,31,12,11,27,35,25,19,10,28,29,31,25,26,44,66,
71,63,34,88,65,118,122,120,116,149,159,146,156,145,149,139,141,173,161,163,153,
172,172,170,172,170,175,176,167,204,202,246,264,280,280,275,275,279,275,376,
376,376,376,367,355,481,485,459,360,504,448,431,430,755,754,745,737,737,732,
732,670,789,758,29974,29975,29975,29972,4030,0,2571,2348,29979,29980,29980,
29981,29981,29982,29982,29983,29983,29984,29984,29985,29985,29986,29986,29987,
29987,29988]} 1. e4 e5 2. Nf3 Nf6 3. Nxe5 d6 4. Nf3 Nxe4 5. Bd3 Nf6 6. O-O {
C42: Petroff Defence: 3 Nxe5 and unusual White 3rd moves.} Bg4 7. h3 Bh5 8.
Re1+ {White is slightly better.} Be7 9. Bf1 O-O 10. d4 d5 {[#]} 11. g4 $146 ({
Predecessor:} 11. c3 c6 12. Bf4 Bd6 13. Bxd6 Qxd6 14. Nbd2 Nbd7 15. g4 Bg6 16.
Ne5 Ne4 17. Bg2 {1-0 (44) Pichot,A (2630)-Studer,N (2581) Biel 2021}) 11... Bg6
12. c4 Nbd7 13. Nc3 dxc4 14. Bxc4 Nb6 15. Bb3 c5 16. dxc5 Bxc5 17. Ne5 Qxd1 ({
Black should play} 17... a5 $14) 18. Rxd1 $16 {White leaves nothing to chance
now.} Ne4 {[#]} (18... a5 $14) 19. Nxe4 $1 Bxe4 20. Bf4 Be7 21. Re1 Bd5 {[#]}
22. Nd7 $1 {[%cal Rd7b6][%mdl 512]} Nxd7 23. Bxd5 (23. Rxe7 Nb6 $16) 23... Bb4
24. Red1 ({Don't take} 24. Bxb7 Bxe1 25. Bxa8 (25. Rxe1 Rad8 $11) 25... Bxf2+
26. Kxf2 Rxa8 $16) 24... Rad8 25. Bxb7 Nc5 26. Bd5 Ne6 27. Be3 $36 {[%mdl 2048]
Keeping Black busy.} Bc5 28. Bxe6 Bxe3 {[#]} 29. Bxf7+ $1 {[%mdl 512]} Kxf7 30.
fxe3 $18 {[%mdl 4096] Endgame KRR-KRR} Ke6 31. Kg2 Ke5 32. Rac1 Rxd1 33. Rxd1 {
KR-KR} Rf7 34. Rd4 g6 35. b3 h5 36. gxh5 gxh5 37. Kg3 Re7 38. Rf4 Kd6 39. Kf3
Rg7 40. Ra4 Ke6 41. h4 Rf7+ 42. Ke4 {Threatens to win with Ra6+.} Kf6 (42...
Rf2 $142 43. Ra6+ Kd7 44. Rxa7+ Kd6) 43. Ra6+ Kg7 44. b4 Rb7 45. a3 Kh7 46. Kf5
Rg7 47. e4 Rg4 48. Rxa7+ Kh6 49. Ra6+ Kg7 50. Ra7+ Kh6 51. e5 Rxh4 52. e6 {
White mates.} Rh1 53. e7 Rf1+ 54. Ke6 Re1+ 55. Kd7 Rd1+ 56. Kc8 Re1 57. Kd8 h4
58. e8=Q Rxe8+ 59. Kxe8 h3 60. Rc7 {Weighted Error Value: White=0.08/Black=0.24
} 1-0

[Event "EICC 2021"]
[Site "Reykjavik"]
[Date "2021.09.04"]
[Round "10.14"]
[White "Antipov, Mikhail Al."]
[Black "Gretarsson, Helgi Ass"]
[Result "1-0"]
[WhiteElo "2607"]
[BlackElo "2447"]
[Annotator "TA"]
[PlyCount "81"]
[EventDate "2021.08.26"]
[EventType "swiss"]
[EventCountry "ISL"]
[Tiebreak "Cut1 Buchholz"]
[SourceTitle "playchess.com"]
[Source "ChessBase"]
[SourceQuality "1"]

{[%evp 9,81,12,36,41,45,30,34,32,27,24,37,25,32,5,25,8,33,0,3,0,0,0,0,0,0,-16,
-13,-13,-6,-16,-14,-11,-10,-17,-15,-12,12,11,44,28,37,33,49,0,0,0,0,0,0,0,0,0,
109,67,119,106,114,116,243,244,221,221,295,291,513,397,410,410,730,402,397,394,
935,919]} 1. e4 e5 2. Nf3 Nc6 3. Bc4 Nf6 4. d3 h6 5. h3 d6 6. a4 {C55: Two
Knights: 4 d3, 4 d4 exd4 5 e5 and Max Lange Attack.} g6 7. Nc3 Bg7 8. Be3 {
White is slightly better.} O-O 9. O-O Na5 10. Ba2 c5 {[#]} 11. Ne2 $146 ({
Predecessor:} 11. Nd5 Kh7 12. c3 Nc6 13. Nd2 Nxd5 14. Bxd5 Ne7 15. f4 Nxd5 16.
exd5 exf4 17. Bxf4 {0-1 (27) Bajo,T (1994)-Bratkovic,J (2152) Portoroz 2018})
11... Nc6 12. c3 Kh7 13. Ng3 b6 14. d4 exd4 15. cxd4 Bb7 16. d5 Nb4 17. Bb1 Nd7
18. Qd2 Qf6 19. Nh5 Qxb2 20. Nxg7 Qxd2 21. Bxd2 Kxg7 22. Bf4 Rfe8 23. Bxd6 a5
24. Nd2 Ba6 25. Rc1 Rac8 26. Nc4 f5 27. f3 fxe4 28. fxe4 Bxc4 29. Rxc4 Ne5 30.
Rc1 Na6 (30... c4 $11 {remains equal.}) 31. Ra3 $16 Rcd8 (31... Nb8 $14) 32.
Bxe5+ Rxe5 33. Rf3 Rf8 {This move loses the game for Black.} (33... Rd7 $16)
34. Bd3 $1 $18 Nb4 {[#] White must now prevent ...Rxf3.} 35. Bb5 $1 Rd8 {[#]}
36. Rcf1 $1 Rxe4 $2 (36... g5 {keeps fighting.} 37. Rf7+ Kg8) 37. Rf7+ Kg8 38.
d6 {And now Re7 would win.} Re1 (38... Nd5 $142 39. d7 Re1 40. Rxe1 Kxf7) 39.
Rxe1 {Bc4 would kill now.} Kxf7 40. d7 c4 $2 (40... Nd5 41. Re8 Rxd7 {[%mdl 64]
Decoy} 42. Bxd7 Nf6) 41. Bxc4+ {Weighted Error Value: White=0.14/Black=0.27}
1-0

[Event "EICC 2021"]
[Site "Reykjavik"]
[Date "2021.09.04"]
[Round "10.15"]
[White "Bjerre, Jonas Buhl"]
[Black "Romanov, Evgeny"]
[Result "1/2-1/2"]
[WhiteElo "2550"]
[BlackElo "2594"]
[Annotator "TA"]
[PlyCount "36"]
[EventDate "2021.08.26"]
[EventType "swiss"]
[EventCountry "ISL"]
[Tiebreak "Cut1 Buchholz"]
[SourceTitle "playchess.com"]
[Source "ChessBase"]
[SourceQuality "1"]

{[%evp 9,36,21,24,25,35,25,43,20,77,74,60,63,95,53,58,37,19,7,9,-18,-9,-41,0,
-31,-22,-66,-61,-56,-49]} 1. d4 d5 2. c4 c6 3. Nf3 Nf6 4. e3 a6 5. Nbd2 e6 6.
b3 {D11: Slav Defence: 3 Nf3 sidelines and 3...Nf6 4 e3 Bg4.} c5 7. Bb2 Nc6 8.
Bd3 {White is slightly better.} Be7 {[#]} (8... dxc4 $11 {keeps the balance.}
9. bxc4 (9. Nxc4 cxd4 10. O-O dxe3 $11) 9... cxd4 10. exd4 Bc5) 9. dxc5 $146 ({
Predecessor:} 9. O-O O-O 10. Rc1 dxc4 11. Nxc4 cxd4 12. Nxd4 Nxd4 13. Bxd4 b5
14. Ne5 Bb7 15. Nc6 Bxc6 16. Rxc6 {1/2-1/2 (27) Stohl,I (2503)-Karas,M (2224)
Slovakia 2019}) 9... Bxc5 10. O-O Ba7 11. cxd5 exd5 12. e4 O-O 13. exd5 Qxd5
14. Bc4 Qd6 15. Ng5 b5 16. Be2 (16. Bxf7+ $5 Rxf7 17. Nxf7 Kxf7 18. Bxf6 gxf6
19. Rc1 $11) 16... Bf5 {[#] Threatens to win with ...Rad8.} 17. Bf3 Rad8 18.
Nde4 Nxe4 {Weighted Error Value: White=0.18/Black=0.18} 1/2-1/2

[Event "EICC 2021"]
[Site "Reykjavik"]
[Date "2021.09.04"]
[Round "10.16"]
[White "Horvath, Dominik"]
[Black "Huschenbeth, Niclas"]
[Result "0-1"]
[WhiteElo "2455"]
[BlackElo "2592"]
[Annotator "TA"]
[PlyCount "130"]
[EventDate "2021.08.26"]
[EventType "swiss"]
[EventCountry "ISL"]
[Tiebreak "Cut1 Buchholz"]
[SourceTitle "playchess.com"]
[Source "ChessBase"]
[SourceQuality "1"]

{[%evp 9,130,17,58,4,13,0,2,14,6,7,8,-4,-6,0,0,-8,0,0,0,-15,0,0,0,0,0,0,0,-4,
-6,-6,30,31,38,41,18,0,79,16,19,0,-4,-37,-29,-39,-33,-29,-34,-54,-53,-54,-29,
-54,-55,-53,-53,-84,-64,-65,-66,-81,-72,-72,-72,-84,-84,-87,-72,-118,-93,-118,
-118,-118,-118,-118,-110,-110,-110,-110,-110,-110,-110,-110,-110,-110,-110,
-160,-110,-160,-160,-160,-160,-160,-160,-168,-160,-160,-160,-177,-160,-160,
-160,-160,-160,-2054,-1921,-1900,-800,-12836,-12836,-12839,-12839,-12840,
-12840,-12842,-12842,-12843,-12843,-12843,-12844,-12844,-12845,-12847,-12847]} 
1. d4 Nf6 2. c4 e6 3. Nf3 d5 4. Nc3 dxc4 5. e4 b5 6. Nxb5 {D24: Queen's Gambit
Accepted: 3 Nf3 Nf6 4 Nc3.} (6. e5 $14 Nd5 7. Nxb5) 6... Nxe4 $11 7. Qa4 c6 8.
Nc3 {The position is equal.} Nxc3 9. bxc3 Ba6 {[#]} 10. Ne5 $146 ({Predecessor:
} 10. Bxc4 Bxc4 11. Qxc4 Bd6 12. O-O O-O 13. Rb1 Qc7 14. Qd3 Nd7 15. c4 c5 16.
d5 exd5 17. Qxd5 {1/2-1/2 (100) Carlsen,M (2847)-Nepomniachtchi,I (2789)
chess24.com INT 2021}) 10... Bb5 11. Qc2 Nd7 12. Nxc4 Qc7 13. Rb1 Be7 14. g3
O-O 15. Bf4 Qc8 16. a4 Ba6 17. Bd3 Nf6 18. O-O Rd8 19. Na5 c5 20. Bb5 {
Strongly threatening Nc6.} Bb7 21. Nxb7 Qxb7 22. a5 h6 (22... Qc8 $11) 23. a6 (
{White should try} 23. Qa4 $16 {And now Bc6 would win.} Rac8 24. Be2) 23... Qc8
24. Qe2 Nd5 (24... cxd4 25. cxd4 Qc3 26. Be5 $16) 25. Bd2 cxd4 26. cxd4 {
[#] Rfc1 is the strong threat.} Nc3 27. Bxc3 Qxc3 28. d5 Rxd5 29. Rfc1 Qd2 30.
Qxd2 Rxd2 31. Bc6 Rc8 32. Rb7 Ba3 33. Rc4 Rd6 34. Rc3 Rcxc6 (34... Bb2 {
looks sharper.} 35. Rxb2 Rcxc6 36. Rb8+ Kh7 37. Rf3 Kg6) 35. Rxa3 Rxa6 36. Rxa7
Rxa3 37. Rxa3 $17 {[%mdl 4096] Endgame KR-KR} g5 38. g4 Rd4 39. h3 Kg7 40. Kg2
h5 41. gxh5 Kh6 42. Ra7 Rf4 ({Don't play} 42... Kxh5 $6 43. Rxf7 Kg6 44. Rf3
$11) 43. Kg3 e5 44. Ra5 f6 ({Of course not} 44... Kxh5 $6 45. Rxe5 Kg6 46. Re8
$11) 45. Ra3 Kxh5 46. Rb3 Rd4 47. Kg2 Kg6 48. Ra3 Kf5 49. Rf3+ Ke6 50. Ra3 e4
51. Ra5 Rd5 52. Ra3 Ke5 53. Ra2 Kf4 54. Rb2 f5 55. Ra2 Ke5 56. Rb2 $2 (56. Ra8
$17) 56... Ra5 $19 {Black is clearly winning.} 57. Rc2 Ra1 (57... f4 $142 58.
Rc1 Ra2) 58. Rb2 f4 59. Rb8 f3+ 60. Kh2 Rf1 61. Rb2 Kf4 62. Ra2 {[#]} Rxf2+ $3
{[%mdl 576] Remove Defender, Promotion} 63. Rxf2 e3 64. Rf1 e2 65. Re1 Ke3 {
Weighted Error Value: White=0.37/Black=0.13} 0-1